<?xml version="1.0" encoding="UTF-8"?>
<record
    xmlns:xsi="http://www.w3.org/2001/XMLSchema-instance"
    xsi:schemaLocation="http://www.loc.gov/MARC21/slim http://www.loc.gov/standards/marcxml/schema/MARC21slim.xsd"
    xmlns="http://www.loc.gov/MARC21/slim">

  <leader>03548nam a2200553Ia 4500</leader>
  <controlfield tag="001">1595</controlfield>
  <controlfield tag="008">241029s9999    xx            000 0 und d</controlfield>
  <datafield tag="010" ind1=" " ind2=" ">
    <subfield code="a">1489</subfield>
  </datafield>
  <datafield tag="041" ind1=" " ind2=" ">
    <subfield code="a">Espa&#xF1;ol</subfield>
  </datafield>
  <datafield tag="082" ind1=" " ind2=" ">
    <subfield code="a">NO APLICA</subfield>
  </datafield>
  <datafield tag="245" ind1=" " ind2="0">
    <subfield code="a">Nivel de incidencia de la formaci&#xF3;n acad&#xE9;mica en el desempe&#xF1;o docente de los profesores de la Maestr&#xED;a en Ense&#xF1;anza Superior, en los Centros Universitarios de la Regi&#xF3;n Norte, de la Universidad Aut&#xF3;noma de Santo Domingo (UASD), A&#xF1;o 2008</subfield>
  </datafield>
  <datafield tag="260" ind1=" " ind2=" ">
    <subfield code="a">Santo Domingo</subfield>
  </datafield>
  <datafield tag="300" ind1=" " ind2=" ">
    <subfield code="a">127</subfield>
  </datafield>
  <datafield tag="520" ind1=" " ind2=" ">
    <subfield code="a">1</subfield>
  </datafield>
  <datafield tag="630" ind1=" " ind2=" ">
    <subfield code="a">Desempe&#xF1;o Docente</subfield>
  </datafield>
  <datafield tag="630" ind1=" " ind2=" ">
    <subfield code="a">Formaci&#xF3;n</subfield>
  </datafield>
  <datafield tag="630" ind1=" " ind2=" ">
    <subfield code="a">Incidencia</subfield>
  </datafield>
  <datafield tag="650" ind1=" " ind2=" ">
    <subfield code="a">Calidad Docente</subfield>
  </datafield>
  <datafield tag="690" ind1=" " ind2=" ">
    <subfield code="a">Sintetizado</subfield>
  </datafield>
  <datafield tag="700" ind1=" " ind2=" ">
    <subfield code="e">asesor</subfield>
    <subfield code="a">Hern&#xE1;ndez, Fior&#xE2;&#x20AC;&#x2122; Daliza</subfield>
  </datafield>
  <datafield tag="700" ind1=" " ind2=" ">
    <subfield code="e">autor</subfield>
    <subfield code="a">Tav&#xE1;rez, Nelsi Miguelina</subfield>
  </datafield>
  <datafield tag="700" ind1=" " ind2=" ">
    <subfield code="e">autor</subfield>
    <subfield code="a">Mauricio, F&#xE9;lix Alberto</subfield>
  </datafield>
  <datafield tag="901" ind1=" " ind2=" ">
    <subfield code="a">{"1":"Tav&#xE1;rez","2":"Mauricio"}</subfield>
    <subfield code="b">{"1":"Nelsi Miguelina","2":"F&#xE9;lix Alberto"}</subfield>
  </datafield>
  <datafield tag="902" ind1=" " ind2=" ">
    <subfield code="a">1</subfield>
  </datafield>
  <datafield tag="903" ind1=" " ind2=" ">
    <subfield code="a">{"1":"Hern&#xE1;ndez"}</subfield>
    <subfield code="b">{"1":"Fior&#xE2;&#x20AC;&#x2122; Daliza"}</subfield>
  </datafield>
  <datafield tag="904" ind1=" " ind2=" ">
    <subfield code="a">Maestr&#xED;a en</subfield>
  </datafield>
  <datafield tag="905" ind1=" " ind2=" ">
    <subfield code="a">Ense&#xF1;anza Superior</subfield>
  </datafield>
  <datafield tag="906" ind1=" " ind2=" ">
    <subfield code="a">2</subfield>
  </datafield>
  <datafield tag="907" ind1=" " ind2=" ">
    <subfield code="a">NO APLICA</subfield>
  </datafield>
  <datafield tag="908" ind1=" " ind2=" ">
    <subfield code="a">NO APLICA</subfield>
  </datafield>
  <datafield tag="909" ind1=" " ind2=" ">
    <subfield code="a">Universidad Aut&#xF3;noma de Santo Domingo (UASD)</subfield>
  </datafield>
  <datafield tag="910" ind1=" " ind2=" ">
    <subfield code="a">NULL</subfield>
    <subfield code="b">NULL</subfield>
  </datafield>
  <datafield tag="911" ind1=" " ind2=" ">
    <subfield code="a">["1"]</subfield>
  </datafield>
  <datafield tag="912" ind1=" " ind2=" ">
    <subfield code="a">NO APLICA</subfield>
  </datafield>
  <datafield tag="913" ind1=" " ind2=" ">
    <subfield code="a">NULL</subfield>
  </datafield>
  <datafield tag="914" ind1=" " ind2=" ">
    <subfield code="a">03 de Marzo de 2008</subfield>
  </datafield>
  <datafield tag="915" ind1=" " ind2=" ">
    <subfield code="a">NULL</subfield>
  </datafield>
  <datafield tag="916" ind1=" " ind2=" ">
    <subfield code="a">NULL</subfield>
  </datafield>
  <datafield tag="917" ind1=" " ind2=" ">
    <subfield code="a">NULL</subfield>
  </datafield>
  <datafield tag="918" ind1=" " ind2=" ">
    <subfield code="a">Educaci&#xF3;n para adultos</subfield>
  </datafield>
  <datafield tag="919" ind1=" " ind2=" ">
    <subfield code="a">["62","200","209"]</subfield>
  </datafield>
  <datafield tag="520" ind1=" " ind2=" ">
    <subfield code="a">La Educaci&#xF3;n Superior en la Rep&#xFA;blica Dominicana ha experimentado en los &#xFA;ltimos tiempos un crecimiento vertiginoso sobre todo en el aspecto cuantitativo, en relaci&#xF3;n con el n&#xFA;mero de instituciones dedicadas a este tipo de ense&#xF1;anza.Se advierte que los docentes de la Maestr&#xED;a en Ense&#xF1;anza Superior de la UASD, poseen un alto nivel de formaci&#xF3;n dentro de su &#xE1;rea de desempe&#xF1;o, sin embargo se percibe que no existe correspondencia entre los grados acad&#xE9;micos que ostentan algunos de estos docentes y su desempe&#xF1;o, lo que trae como consecuencia que el trabajo que desempe&#xF1;a el docente egresado de estos programas, en los centros de Educaci&#xF3;n Superior, no sea de tanta calidad como se espera, en ese sentido, esta investigaci&#xF3;n puede servir como un instrumento que permita visualizar c&#xF3;mo marchan los programas de educaci&#xF3;n superior de los diversos centros de la Regi&#xF3;n del Cibao de la UASD.El objetivo general de este estudio es determinar el nivel de incidencia de la formaci&#xF3;n acad&#xE9;mica en el desempe&#xF1;o de los docentes de las Maestr&#xED;as en Ense&#xF1;anza Superior de la Regi&#xF3;n.En respuesta a los trabajos realizados en esta investigaci&#xF3;n se puede sostener, entre otros aspectos, que existe un personal docente muy calificado, para desarrollo de estas Maestr&#xED;as para los Centros de la regi&#xF3;n Norte, para realizar una labor eficiente en el aspecto acad&#xE9;mico con los presentes y futuros participantes de estos programas.Una vez analizados todos los aspectos de este estudio, se plantean las siguientes recomendaciones: Realizar cursos de actualizaci&#xF3;n pedag&#xF3;gica para retroalimentar las pr&#xE1;cticas, en coherencia con las exigencias del Cuarto Nivel, de manera especial, en aquellos docentes que no tienen formaci&#xF3;n pedag&#xF3;gica. A los docentes, integrarse a los procesos de actualizaci&#xF3;n pedag&#xF3;gica que promueva la universidad, actualizar sus habilidades en el uso de medios did&#xE1;cticos y tecnol&#xF3;gicos, entre otras.</subfield>
  </datafield>
  <datafield tag="921" ind1=" " ind2=" ">
    <subfield code="a">16</subfield>
  </datafield>
  <datafield tag="922" ind1=" " ind2=" ">
    <subfield code="a">16</subfield>
  </datafield>
  <datafield tag="923" ind1=" " ind2=" ">
    <subfield code="a">0</subfield>
  </datafield>
  <datafield tag="924" ind1=" " ind2=" ">
    <subfield code="a">NO APLICA</subfield>
  </datafield>
  <datafield tag="942" ind1=" " ind2=" ">
    <subfield code="c">Tesis</subfield>
  </datafield>
  <datafield tag="999" ind1=" " ind2=" ">
    <subfield code="c">1489</subfield>
    <subfield code="d">1489</subfield>
  </datafield>
</record>
